000 00522nam a2200169Ia 4500
005 20240531070047.0
008 240331s9999 xx 000 0 und d
020 _a9556070443
082 _a340
_bDES
100 _aDe Silva Siriwardena viveka
245 3 _aAn assesment of the contribution of the judiciary towards good governance :
_b a study of the role of the supreme court of Sri Lanka
260 _aColombo
_bFES Publication
_c2005
300 _axvii, 129 p.,
650 _aLaw
650 _aHuman Rights
942 _cL
999 _c672
_d672